The fountainhead / (Record no. 2135)

000 -LEADER
fixed length control field 01159nam a22003497a 4500
001 - CONTROL NUMBER
control field 16412686
003 - CONTROL NUMBER IDENTIFIER
control field OSt
005 - DATE AND TIME OF LATEST TRANSACTION
control field 20210414095656.0
008 - FIXED-LENGTH DATA ELEMENTS--GENERAL INFORMATION
fixed length control field 011106s1993 nyu g 000 1 eng d
010 ## - LIBRARY OF CONGRESS CONTROL NUMBER
LC control number 97818429
020 ## - INTERNATIONAL STANDARD BOOK NUMBER
International Standard Book Number 0451191153 (pbk.)
035 ## - SYSTEM CONTROL NUMBER
System control number (OCoLC)ocm48364091
040 ## - CATALOGING SOURCE
Original cataloging agency IJC
Transcribing agency IJC
Modifying agency DLC
Language of cataloging eng
041 ## - LANGUAGE CODE
Language code of text/sound track or separate title eng
050 00 - LIBRARY OF CONGRESS CALL NUMBER
Classification number CPB Box no. 717 vol. 19
080 ## - UNIVERSAL DECIMAL CLASSIFICATION NUMBER
Universal Decimal Classification number 821.111
Item number R-20
100 1# - MAIN ENTRY--PERSONAL NAME
Personal name Rand, Ayn.
245 14 - TITLE STATEMENT
Title The fountainhead /
Statement of responsibility, etc. Ayn Rand ; with an afterword by Leonard Peikoff.
Remainder of title / by: A Signet Book, The New American Library
260 ## - PUBLICATION, DISTRIBUTION, ETC.
Place of publication, distribution, etc. New York
Name of publisher, distributor, etc. A Signet Book, The New American Library
Date of publication, distribution, etc. 1993.
300 ## - PHYSICAL DESCRIPTION
Extent x, 704 p.
Dimensions 18 cm.
365 ## - TRADE PRICE
Price amount 8.99 usd
650 #0 - SUBJECT ADDED ENTRY--TOPICAL TERM
Topical term or geographic name entry element Architects
Form subdivision Fiction.
650 #0 - SUBJECT ADDED ENTRY--TOPICAL TERM
Topical term or geographic name entry element English literature
9 (RLIN) 254
650 #0 - SUBJECT ADDED ENTRY--TOPICAL TERM
Topical term or geographic name entry element Objectivism (Philosophy)
Form subdivision Fiction.
653 ## - INDEX TERM--UNCONTROLLED
Uncontrolled term ინგლისური ლიტერატურა
655 #7 - INDEX TERM--GENRE/FORM
Genre/form data or focus term Domestic fiction.
Source of term lcsh
655 #7 - INDEX TERM--GENRE/FORM
Genre/form data or focus term Epic fiction.
Source of term gsafd
700 1# - ADDED ENTRY--PERSONAL NAME
Personal name Peikoff, Leonard.
710 2# - ADDED ENTRY--CORPORATE NAME
Corporate name or jurisdiction name as entry element Copyright Paperback Collection (Library of Congress)
Institution to which field applies DLC
906 ## - LOCAL DATA ELEMENT F, LDF (RLIN)
a 7
b cbc
c copycat
d 2
e ncip
f 19
g y-genrareb
942 ## - ADDED ENTRY ELEMENTS (KOHA)
Source of classification or shelving scheme
Koha item type Books
Holdings
Withdrawn status Lost status Source of classification or shelving scheme Damaged status Not for loan Permanent location Current location Date acquired Inventory number Total Checkouts Full call number Barcode Date last seen Price effective from Koha item type
          Ken Walker International University Ken Walker International University 03/11/2021 591   821.111 R-20 591 03/11/2021 03/11/2021 Books

Powered by Koha